000 00527nam a22001817a 4500
005 20251108170447.0
008 250721s1998 xx 000 0 ara d
082 1 4 _aق/حمد
100 1 _aأبو حمدان، جمال
245 1 0 _aالموت الجميل :
_bرواية /
264 1 _aعمان :
_bأزمنة للنشر و التوزيع،
_c1998.
300 _a134ص.
490 0 _aإبداعات عربية
650 1 7 _aالروايات
650 1 7 _aالأدب العربي
942 _2ddc
_cBK
999 _c41019
_d41019